| 000 | 00812nam a22002537a 4500 | ||
|---|---|---|---|
| 003 | DO-SdBNP | ||
| 005 | 20180213150748.0 | ||
| 008 | 171030b 2015 dr| 00| 0 spa d | ||
| 020 | _a9789945588361 | ||
| 040 |
_aBPMSU _bspa _cBPMSU |
||
| 082 | 4 |
_axxxx _bxxxx |
|
| 245 | 0 | 0 |
_aMendigando un amigo y otros cuentos premiados / _cJean Emil Rodríguez Gatón...[et.al.]. |
| 260 |
_aSanto Domingo : _bFerilibro, _c2015. |
||
| 300 |
_a46 p. : _c23 cm. |
||
| 585 | _aPremio Joven de Cuento Feria del Libro 2014. | ||
| 700 | 1 | _aLiriano, Lady Laura | |
| 700 | 1 | _aSantana Castro, Moisés | |
| 700 | 1 | _aSantos Sánchez, Mildred del Pilar De Los | |
| 700 | 1 | _aRamos, Bladimir | |
| 700 | 1 | _aCaba Rosario, Víctor Manuel | |
| 942 |
_2ddc _cBK |
||
| 945 | _aInventariado, 2018 / BT | ||
| 956 |
_aBTAVAREZ _b10 _d20171120 _fBPMSU _h0038 |
||
| 999 |
_c9729 _d9729 |
||